000 00594cam a2200205 4500
001 18628
005 20230404130051.0
008 060907n1996 cu spa
020 _a8480950838
035 _9funglode18778
041 _aspa
050 1 4 _a107 NA 803
_bW431a 1996
100 1 _aWeiss, Joaquín E.
245 1 3 _aLa arquitectura colonial cubana :
_bsiglos XVI al XIX /
_cJoaquín E. Weiss
260 _aMadrid :
_bInstituto Cubano del Libro,
_c1996
300 _a510 p.
650 0 _aArchitecture, Colonial
_zCuba.
650 0 _aArchitecture
_zCuba
_xHistory.
942 _2lcc
_cbk
999 _c10314
_d10314